Countries that Beat Papua New Guinea - Statistics

General Stats
  • This quiz has been taken 269 times
  • The average score is 7 of 15
Answer Stats
Rank Category Countries % Correct
3 Largest island nation Indonesia | Madagascar
99%
3 Largest country starting with P Peru | Pakistan
91%
2 (t) Has the largest island Denmark
66%
5 Largest area within the German Empire Tanzania | Namibia | Cameroon | Germany
56%
8 (t) Whose flag has the most "vertical" shape Nepal | Switzerland | Vatican City | Belgium | Niger | Monaco | Denmark
52%
3 Least densely populated island nation Iceland | New Zealand
51%
3 Smallest country with a Southern Cross on its flag Samoa | New Zealand
50%
2 Most populous country whose name consists of three words United Arab Emirates
43%
10 Has the lowest % arable land [2] Djibouti | Oman | Seychelles | Mongolia | Suriname | Kuwait | Mauritania | United Arab Emirates | Montenegro
42%
9 Most forested country [1] Suriname | F .S. Micronesia | Seychelles | Palau | Gabon | Laos | Guyana | Solomon Islands
40%
2 Entirely controls the largest islandstarting with "New" Canada
32%
2 Whose flag has the highest % black Libya
30%
3 Highest average yearly precipitation Colombia | São Tomé and Príncipe
26%
5 Least dense road networks Sudan | Mauritania | Niger | Mali
21%
2 Most populous country where the sign language has an official status South Korea
9%
No matching quizzes found
Score Distribution
Percent of People with Each Score
Percentile by Number Answered
Your Score History
You have not taken this quiz